Latex: (Record no. 201112)
[ view plain ]
| 000 -LEADER | |
|---|---|
| fixed length control field | 00625nam a22001937a 4500 |
| 005 - DATE AND TIME OF LATEST TRANSACTION | |
| control field | 20240307144719.0 |
| 010 ## - LCCN (DPL NO) | |
| LC control number | ENG-139457 |
| 020 ## - INTERNATIONAL STANDARD BOOK NUMBER | |
| Terms of availability | 270.00 |
| International Standard Book Number | 9789381899687 |
| 035 ## - SYSTEM CONTROL NUMBER | |
| System control number | EN-122989 |
| 037 ## - SOURCE OF ACQUISITION | |
| Source of stock number/acquisition | DBAD/PUB |
| 082 ## - DEWEY DECIMAL CLASSIFICATION NUMBER | |
| Classification number | 682.2254 |
| 100 ## - MAIN ENTRY--PERSONAL NAME | |
| Personal name | APARNA R.R. |
| 245 ## - TITLE STATEMENT | |
| Title | Latex: |
| Remainder of title | A High Quality Technical Typesetting For Everyone/ |
| Statement of responsibility, etc | By R.R. Aparna and R. Radha |
| 260 ## - PUBLICATION, DISTRIBUTION, ETC. (IMPRINT) | |
| Place of publication, distribution, etc | Chennai |
| Name of publisher, distributor, etc | Sakthi Pathippagam |
| 270 ## - ADDRESS | |
| City | Tamilnadu |
| Address | 12, Anna Street , Chitlapakkam , Chennai |
| Postal code | 600064 |
| 300 ## - PHYSICAL DESCRIPTION | |
| Extent | 116p. |
| Dimensions | 22cm(pbk) |
| 700 ## - ADDED ENTRY--PERSONAL NAME | |
| Personal name | R. Radha |
| 9 (RLIN) | 62572 |
| Relator term | Author |
| 942 ## - ADDED ENTRY ELEMENTS (KOHA) | |
| Source of classification or shelving scheme | Dewey Decimal Classification |
| Item type | English Books |
| Classification part | 682.2254 |
| Call number suffix | APA |
| Edition | 2016 |
| Withdrawn status | Lost status | Not for loan | Collection code | Home library | Current library | Date acquired | Source of acquisition | Cost, normal purchase price | Full call number | Barcode | Copy number | Cost, replacement price | Koha item type |
|---|---|---|---|---|---|---|---|---|---|---|---|---|---|
| Non-fiction | Peshwa Road | Peshwa Road | 29/02/2024 | DBAD/PUB | 270.00 | 682.2254 APA | EN-122989 | 1 | 270.00 | English Books |
